| 000 | 00453 a2200157 4500 | ||
|---|---|---|---|
| 005 | 20250625055001.0 | ||
| 020 | _a978-0-321-46857-4 | ||
| 082 | _a368REJ | ||
| 100 | _aREJD. E. G. | ||
| 245 | _aPrinciples Of Risk Management And Insurance | ||
| 250 | _a10th Ed | ||
| 260 |
_aNew York, _bGreg Tobin, _c2008. |
||
| 300 |
_axx,; 669p,; ill, table, figure, picture _bAppendix, Grossary, Index _c25cm |
||
| 700 | _aCLINTON. D,; BATTISTA. D. | ||
| 942 |
_2ddc _cBKS |
||
| 999 |
_c4902 _d4902 |
||